Estadísticas para Comunidades de España por banderas

Haz click aquí para intentar la prueba.

Estadísticas generales

  • Esta prueba ha sido intentada 183 veces
  • La puntuación promedio es 13 de 19

Estadísticas de respuestas

Respuesta% Correcto
Andalucia
97%
Asturias
90%
Pais Vasco
90%
Cataluña
88%
Aragon
82%
Castilla y Leon
82%
Castilla-La Mancha
79%
Canarias
76%
Baleares
74%
Galicia
74%
Madrid
74%
Extremadura
68%
Valencia
68%
Cantabria
62%
Murcia
57%
Navarra
55%
La Rioja
50%
Ceuta
39%
Melilla
38%

Distribución de puntuación

Porcentaje por número respondido

Porcentaje de gente con cada puntuación

Historial de tus puntuaciones

No has intentado esta prueba.